[Event "Pro Am 2009"]
[Site "Villa Martelli"]
[Date "2009.10.17"]
[Round "2.16"]
[White "Sosa, Ruben"]
[Black "Morales, Marcos"]
[Result "1-0"]
[WhiteElo "1980"]
[BlackElo "1731"]
[PlyCount "45"]
[EventDate "2009.10.15"]

1. e4 c5 2. Nf3 Nc6 3. d4 cxd4 4. Nxd4 Nf6 5. Nc3 e5 6. Ndb5 d6 7. Bg5 a6 8.
Bxf6 gxf6 9. Na3 b5 10. Nd5 f5 11. Bd3 Qg5 12. Nc7+ Kd8 13. Nxa8 Qxg2 14. Rf1
Nd4 15. Be2 fxe4 16. Qd2 h5 17. Qa5+ Ke8 18. Nc7+ Kd7 19. Nd5 Bh6 20. Bxh5 Rf8
21. Qc3 Qg5 22. Rd1 Qxh5 23. Nf6+ 1-0

[Event "Pro Am 2009"]
[Site "Villa Martelli"]
[Date "2009.10.18"]
[Round "3.1"]
[White "Rodriguez Vila, Andres"]
[Black "Della Morte, German"]
[Result "1-0"]
[WhiteElo "2527"]
[BlackElo "2341"]
[PlyCount "89"]
[EventDate "2009.10.15"]

1. c4 g6 2. Nc3 Bg7 3. g3 Nf6 4. Bg2 O-O 5. Nf3 d6 6. O-O e5 7. d3 Nc6 8. Rb1
a5 9. a3 h6 10. b4 axb4 11. axb4 Be6 12. b5 Ne7 13. Bb2 Nd7 14. Ra1 e4 15. Nd2
Rxa1 16. Bxa1 e3 17. fxe3 Nf5 18. Rxf5 Bxf5 19. Bxb7 Qb8 20. Bg2 Qa7 21. d4 Re8
22. Nd5 Nb6 23. Nxb6 Qxb6 24. Qb3 h5 25. Bc6 Re7 26. Qa3 Qb8 27. e4 Bg4 28. e3
Qf8 29. Bc3 h4 30. Bb4 hxg3 31. hxg3 Bh8 32. b6 cxb6 33. Bxd6 Qh6 34. Bxe7 Bxd4
35. Nf1 Bf3 36. exd4 Qh1+ 37. Kf2 Qg2+ 38. Ke3 Qxf1 39. Bf6 Kh7 40. Qe7 Qc1+
41. Kxf3 Qf1+ 42. Kg4 Qe2+ 43. Kf4 Qxc4 44. Bd5 Qc1+ 45. Ke5 1-0

[Event "Pro Am 2009"]
[Site "Villa Martelli"]
[Date "2009.10.18"]
[Round "3.2"]
[White "Barrionuevo, Pablo"]
[Black "Slipak, Sergio"]
[Result "0-1"]
[WhiteElo "2327"]
[BlackElo "2468"]
[PlyCount "82"]
[EventDate "2009.10.15"]

1. d4 d5 2. c4 dxc4 3. Nf3 Nf6 4. e3 Bg4 5. Bxc4 e6 6. h3 Bh5 7. O-O a6 8. Nbd2
Nc6 9. b3 Bd6 10. Bb2 O-O 11. Be2 Qe7 12. Rc1 Rfd8 13. Ne5 Bxe2 14. Qxe2 Bxe5
15. dxe5 Nd7 16. Nf3 a5 17. Rc4 a4 18. Qc2 axb3 19. axb3 Ra5 20. Ra1 Rxa1+ 21.
Bxa1 h6 22. Bb2 Nb6 23. Rg4 Nb4 24. Qb1 c5 25. Bc3 Nc6 26. Kh2 Qc7 27. Rg3 Nd5
28. Qc1 Nde7 29. e4 Ng6 30. Qa1 Rd3 31. Qa8+ Rd8 32. Qa1 Qb6 33. Nd2 Nd4 34.
Nc4 Qxb3 35. Ba5 Qxc4 36. Bxd8 Qc2 37. h4 Qxf2 38. h5 Nxe5 39. Qa8 Kh7 40. Be7
Ne2 41. Ra3 Qg1+ 0-1

[Event "Pro Am 2009"]
[Site "Villa Martelli"]
[Date "2009.10.18"]
[Round "3.3"]
[White "Anelli, Antonio"]
[Black "Obregon, Andres Carlos"]
[Result "0-1"]
[WhiteElo "2176"]
[BlackElo "2439"]
[PlyCount "64"]
[EventDate "2009.10.15"]

1. d4 d5 2. Nf3 Nc6 3. Bf4 Bg4 4. e3 e6 5. c4 Bd6 6. cxd5 exd5 7. Bg3 Nge7 8.
Nc3 Qd7 9. Be2 O-O-O 10. Bxd6 Qxd6 11. Qa4 Kb8 12. a3 f5 13. b4 Ng6 14. h3 Bxf3
15. Bxf3 Nh4 16. Bxd5 Ne7 17. Bf3 f4 18. Ne4 Qd5 19. Qa5 fxe3 20. fxe3 Qb3 21.
Qg5 Nef5 22. O-O h6 23. Nc5 Nxf3+ 24. gxf3 hxg5 25. Nxb3 Nxe3 26. Rf2 Rxh3 27.
Re1 Nd5 28. Re5 Nf4 29. Rxg5 Rdh8 30. Kf1 Rh1+ 31. Rg1 Rxg1+ 32. Kxg1 Nh3+ 0-1

[Event "Pro Am 2009"]
[Site "Villa Martelli"]
[Date "2009.10.18"]
[Round "3.4"]
[White "Iermito, Sebastian"]
[Black "Bulcourf, Carlos"]
[Result "1-0"]
[WhiteElo "2438"]
[BlackElo "2160"]
[PlyCount "113"]
[EventDate "2009.10.15"]

1. e4 Nf6 2. e5 Nd5 3. d4 d6 4. Nf3 Bg4 5. Be2 Nc6 6. c4 Bxf3 7. Bxf3 Nb6 8.
exd6 Qxd6 9. c5 Qe6+ 10. Be3 Nd5 11. Qe2 O-O-O 12. Nc3 g5 13. Bxd5 Rxd5 14. Qc4
Rxd4 15. Qxe6+ fxe6 16. Bxd4 Nxd4 17. Rd1 e5 18. Ne2 Bg7 19. f3 Bf6 20. Kf2 Kd7
21. Nc3 Kc6 22. Ne4 Rf8 23. h4 g4 24. fxg4 Bg7+ 25. Ke3 Nc2+ 26. Kd3 Rf4 27.
Kxc2 Rxe4 28. g5 Rg4 29. Rhf1 e4 30. Rf7 Be5 31. Rxh7 Bf4 32. Rxe7 Rxg2+ 33.
Kb1 e3 34. Re4 Bg3 35. Rxe3 Bxh4 36. Re6+ Kxc5 37. g6 Rg4 38. a3 Bf2 39. Rd7
Bd4 40. Rxc7+ Kd5 41. Re1 Rxg6 42. Rd7+ Rd6 43. Rxb7 Kc6 44. Rb3 Rg6 45. Rc1+
Kd5 46. Rb5+ Kd6 47. Rc2 Rg4 48. Ka2 Bb6 49. Rb3 Bd4 50. Rb4 Kd5 51. Rc8 Ke4
52. Rd8 Ke3 53. Kb3 Kd3 54. Ka4 Ke3 55. Rdxd4 Rxd4 56. Rxd4 Kxd4 57. Kb5 1-0

[Event "Pro Am 2009"]
[Site "Villa Martelli"]
[Date "2009.10.18"]
[Round "3.5"]
[White "Restuccia, Francisco"]
[Black "Scarella, Enrique Alejandr"]
[Result "1/2-1/2"]
[WhiteElo "2156"]
[BlackElo "2361"]
[PlyCount "111"]
[EventDate "2009.10.15"]

1. e4 g6 2. d4 Bg7 3. Nc3 c5 4. dxc5 Qa5 5. Bd2 Qxc5 6. Nd5 Na6 7. Bc3 Bxc3+ 8.
Nxc3 Nf6 9. Nf3 O-O 10. Qd4 d6 11. Bxa6 Qxd4 12. Nxd4 bxa6 13. f3 Bb7 14. O-O-O
Rfc8 15. Nde2 Rc5 16. Rd2 Rac8 17. Kb1 Nd7 18. Na4 Rg5 19. Nd4 Nb6 20. Nxb6
axb6 21. Rc1 b5 22. c3 d5 23. exd5 Rxd5 24. Nb3 Rxd2 25. Nxd2 Rd8 26. Kc2 f6
27. Nb3 Rd5 28. Rd1 g5 29. Rxd5 Bxd5 30. Kd2 Kf7 31. Nc5 a5 32. b3 e5 33. Kd3
g4 34. Ne4 gxf3 35. gxf3 f5 36. Nd2 Kf6 37. c4 bxc4+ 38. bxc4 Bc6 39. Ke3 f4+
40. Kd3 Kf5 41. c5 Bb5+ 42. Kc3 Ke6 43. Ne4 Kd5 44. Nf6+ Kxc5 45. Nxh7 e4 46.
Ng5 exf3 47. Nxf3 Kd5 48. a3 Ke4 49. Nd4 Bd7 50. h4 Bg4 51. Kc4 Ke3 52. Kc3 Kf2
53. Kd3 Kg3 54. Ke4 f3 55. Nxf3 Bxf3+ 56. Kd3 1/2-1/2

[Event "Pro Am 2009"]
[Site "Villa Martelli"]
[Date "2009.10.18"]
[Round "3.6"]
[White "Mirada, Luciano"]
[Black "Malbran, Guillermo"]
[Result "1/2-1/2"]
[WhiteElo "1784"]
[BlackElo "2195"]
[PlyCount "44"]
[EventDate "2009.10.15"]

1. b4 e5 2. Bb2 Bxb4 3. Bxe5 Nf6 4. Nf3 O-O 5. e3 d5 6. Be2 Nbd7 7. Bb2 Nc5 8.
O-O Re8 9. c4 dxc4 10. Bxc4 Be6 11. Bxe6 Nxe6 12. Qb3 Be7 13. d4 Qd5 14. Qc2 c5
15. Nc3 Qh5 16. Rad1 Rad8 17. d5 Nxd5 18. Nxd5 Rxd5 19. Rxd5 Qxd5 20. Rd1 Qxa2
21. Ra1 Qd5 22. Rd1 Qa2 1/2-1/2

[Event "Pro Am 2009"]
[Site "Villa Martelli"]
[Date "2009.10.18"]
[Round "3.7"]
[White "Zuriel, Marisa"]
[Black "Sosa, Ruben"]
[Result "1-0"]
[WhiteElo "2184"]
[BlackElo "1980"]
[PlyCount "105"]
[EventDate "2009.10.15"]

1. e4 c5 2. Nf3 Nc6 3. d4 cxd4 4. Nxd4 e5 5. Nb5 a6 6. Nd6+ Bxd6 7. Qxd6 Qf6 8.
Qxf6 Nxf6 9. Nc3 Nb4 10. Kd2 d5 11. a3 d4 12. axb4 dxc3+ 13. Ke3 cxb2 14. Bxb2
Be6 15. f3 Nd7 16. Ra5 O-O 17. Bd3 f6 18. b5 axb5 19. Rxb5 b6 20. Ra1 Rxa1 21.
Bxa1 Rc8 22. Rb4 Kf7 23. Bb2 Rc6 24. g3 g5 25. Ra4 Rc7 26. Rb4 Rc6 27. f4 gxf4+
28. gxf4 exf4+ 29. Kxf4 Rc5 30. Bd4 Rc6 31. c3 Rd6 32. Rb1 Ne5 33. Be2 Bc4 34.
Bh5+ Ng6+ 35. Ke3 b5 36. Ra1 Kg7 37. Ra7+ Kh6 38. Bg4 Kg5 39. Bd1 h6 40. Rg7 h5
41. Rh7 Nf4 42. Rg7+ Kh6 43. Ra7 Ne6 44. h4 Nd8 45. Bc2 Nc6 46. e5 Nxa7 47.
exd6 Nc6 48. Bxf6 Be6 49. Kf4 b4 50. cxb4 Nxb4 51. Bf5 Nd5+ 52. Ke5 Nxf6 53.
Kxf6 1-0

[Event "Pro Am 2009"]
[Site "Villa Martelli"]
[Date "2009.10.18"]
[Round "3.8"]
[White "Codigone, Maximiliano"]
[Black "Godoy, Luciano"]
[Result "1/2-1/2"]
[WhiteElo "1850"]
[BlackElo "2101"]
[PlyCount "57"]
[EventDate "2009.10.15"]

1. e4 e6 2. d4 d5 3. Nc3 Bb4 4. Bd2 Ne7 5. e5 b6 6. Bd3 Ba6 7. Nb5 Bxd2+ 8.
Qxd2 Bxb5 9. Bxb5+ c6 10. Bd3 c5 11. c3 Nbc6 12. Ne2 Rc8 13. Qg5 Ng6 14. Qg3
cxd4 15. cxd4 Qh4 16. Bxg6 hxg6 17. Qxh4 Rxh4 18. Rc1 Kd7 19. g3 Rhh8 20. Kd2
g5 21. b3 f6 22. f4 gxf4 23. gxf4 fxe5 24. dxe5 Ne7 25. Rxc8 Rxc8 26. Nd4 Rh8
27. h4 g6 28. Ke3 a6 29. a4 1/2-1/2

[Event "Pro Am 2009 Villa Martelli"]
[Site "?"]
[Date "2009.10.18"]
[Round "3.10"]
[White "Godoy, Carlos"]
[Black "Rasgido, Alejandro"]
[Result "1-0"]
[WhiteElo "2131"]
[BlackElo "2002"]
[PlyCount "62"]
[EventDate "2009.10.22"]
[SourceDate "2009.10.22"]

1. e4 e5 2. Nf3 Nf6 3. Nxe5 d6 4. Nf3 Nxe4 5. d4 d5 6. Bd3 Bd6 7. O-O O-O 8. c4
c6 9. cxd5 cxd5 10. Nc3 Nxc3 11. bxc3 Bg4 12. Rb1 Nd7 13. Rb5 Nb6 14. h3 Bh5
15. c4 Bxf3 16. Qxf3 dxc4 17. Be2 Qd7 18. a4 g6 19. Bd2 Rac8 20. Rfb1 c3 21.
Bh6 Rfe8 22. R5b3 Qxa4 23. Qxb7 Qxd4 24. Qf3 Qe5 25. g3 Nc4 26. Rxc3 Qa5 27.
Rbb3 Ne5 28. Qf6 Bf8 29. Rxc8 Rxc8 30. Bf4 Nc4 31. Bxc4 Rxc4 1-0

[Event "Pro Am 2009 Villa Martelli"]
[Site "?"]
[Date "2009.10.18"]
[Round "3.11"]
[White "Quinzio, Martin"]
[Black "Medina, Lihue"]
[Result "1-0"]
[WhiteElo "1972"]
[BlackElo "1794"]
[PlyCount "55"]
[EventDate "2009.10.22"]
[SourceDate "2009.10.22"]

1. d4 e6 2. Nf3 f5 3. Bg5 Nf6 4. e3 Be7 5. Bd3 O-O 6. Nbd2 d5 7. c4 c6 8. Qc2
Ne4 9. Bxe7 Qxe7 10. Ne5 Nd7 11. Nxd7 Bxd7 12. O-O Nxd2 13. Qxd2 b5 14. cxb5
cxb5 15. f4 Bc6 16. Rac1 Rfc8 17. Rc5 a6 18. Rfc1 Qb7 19. Qc3 Bd7 20. Rc7 Rxc7
21. Qxc7 Qxc7 22. Rxc7 Rd8 23. Kf2 Kf8 24. Ke2 h6 25. Kd2 g6 26. Ra7 Bc8 27. a4
bxa4 28. Bxa6 1-0

[Event "Pro Am 2009"]
[Site "Villa Martelli"]
[Date "2009.10.19"]
[Round "4.1"]
[White "Obregon, Andres Carlos"]
[Black "Rodriguez Vila, Andres"]
[Result "0-1"]
[WhiteElo "2439"]
[BlackElo "2527"]
[PlyCount "98"]
[EventDate "2009.10.15"]

1. e4 e6 2. d4 d5 3. Nd2 Nf6 4. e5 Nfd7 5. Bd3 c5 6. c3 Nc6 7. Ne2 cxd4 8. cxd4
f6 9. exf6 Nxf6 10. Nf3 Qc7 11. O-O Bd6 12. Bg5 O-O 13. Bh4 g6 14. Bg3 Bxg3 15.
Nxg3 Qb6 16. Qa4 Bd7 17. Bb5 Ne4 18. Rad1 Rxf3 19. Nxe4 Rf4 20. Nc5 Nxd4 21.
Nxd7 Qxb5 22. Qxb5 Nxb5 23. Rfe1 Nd4 24. Rc1 Rf7 25. Ne5 Re7 26. f3 Rf8 27. Rc3
Kg7 28. Kf2 Nb5 29. Rce3 Rc8 30. R1e2 Rec7 31. Rd3 Rc2 32. Rdd2 Rxd2 33. Rxd2
Kf6 34. Ng4+ Ke7 35. Kg3 a5 36. Kf4 Nd6 37. Ne5 Rf8+ 38. Kg4 Nf5 39. Kg5 Nd6
40. Nd3 Nc4 41. Re2 Rf5+ 42. Kh6 Kf7 43. g4 Rxf3 44. Nf2 Nd6 45. Kg5 Kg7 46.
Kh4 h6 47. Rxe6 g5+ 48. Kh5 Rxf2 49. Rg6+ Kf7 0-1

[Event "Pro Am 2009"]
[Site "Villa Martelli"]
[Date "2009.10.19"]
[Round "4.2"]
[White "Slipak, Sergio"]
[Black "Iermito, Sebastian"]
[Result "1/2-1/2"]
[WhiteElo "2468"]
[BlackElo "2438"]
[PlyCount "64"]
[EventDate "2009.10.15"]

1. d4 Nf6 2. c4 g6 3. g3 Bg7 4. Bg2 O-O 5. Nc3 d6 6. Nf3 Nc6 7. O-O a6 8. b3
Rb8 9. Nd5 e6 10. Nxf6+ Qxf6 11. Bg5 Qf5 12. Qd2 e5 13. d5 Nd4 14. Nxd4 exd4
15. Bh6 Bxh6 16. Qxh6 Qe5 17. Qd2 Bg4 18. Rfe1 Rfe8 19. Kf1 Qh5 20. f3 Qxh2 21.
fxg4 Re3 22. Qxd4 Rxg3 23. Qg1 Qh4 24. Rad1 f5 25. g5 Re8 26. Qf2 Qxg5 27. Rd3
Rge3 28. Rxe3 Rxe3 29. Bf3 Kg7 30. Qh2 Rc3 31. Qf2 Re3 32. Qh2 Rc3 1/2-1/2

[Event "Pro Am 2009"]
[Site "Villa Martelli"]
[Date "2009.10.19"]
[Round "4.3"]
[White "Scarella, Enrique Alejandr"]
[Black "Alvarez, Roberto"]
[Result "1-0"]
[WhiteElo "2361"]
[BlackElo "2097"]
[PlyCount "71"]
[EventDate "2009.10.15"]

1. d4 Nf6 2. Nf3 d5 3. c4 e6 4. Nc3 Be7 5. Bg5 Nbd7 6. e3 O-O 7. Rc1 dxc4 8.
Bxc4 a6 9. a4 c5 10. O-O cxd4 11. exd4 Nb6 12. Ba2 Nbd5 13. Ne5 Bd7 14. Qf3 Bc6
15. Qh3 Nxc3 16. bxc3 Ne4 17. Bxe7 Qxe7 18. Bb1 Nf6 19. Qh4 g6 20. Rfe1 Nd5 21.
Qh6 Qf6 22. c4 Ne7 23. d5 Bxa4 24. Ng4 Qg7 25. Qh4 Nf5 26. Bxf5 exf5 27. Nf6+
Kh8 28. Re3 g5 29. Qd4 h6 30. Qb6 Bc6 31. Nh5 Qg6 32. dxc6 Qxh5 33. cxb7 Rad8
34. Rce1 Qg4 35. Qxh6+ Kg8 36. Rh3 1-0

[Event "Pro Am 2009"]
[Site "Villa Martelli"]
[Date "2009.10.19"]
[Round "4.4"]
[White "Perez, Mario Abel"]
[Black "Zuriel, Marisa"]
[Result "1/2-1/2"]
[WhiteElo "2107"]
[BlackElo "2184"]
[PlyCount "74"]
[EventDate "2009.10.15"]

1. d4 Nf6 2. Nf3 c5 3. c3 g6 4. Bf4 b6 5. e3 Bg7 6. Bc4 O-O 7. O-O Bb7 8. dxc5
bxc5 9. Ne5 Qb6 10. Qb3 d5 11. Be2 Nbd7 12. Nd2 e6 13. Rfd1 Rfd8 14. Bf3 Ne8
15. Nxd7 Rxd7 16. Qxb6 axb6 17. Nc4 Ra6 18. Be2 Rd8 19. e4 Bf6 20. Nd6 Ra7 21.
Nxb7 Rxb7 22. exd5 exd5 23. Bf3 Rbd7 24. Rd2 h5 25. Rad1 d4 26. cxd4 Rxd4 27.
Rxd4 Rxd4 28. Rxd4 Bxd4 29. b3 Kf8 30. Bc6 Ke7 31. Kf1 Nd6 32. f3 f6 33. Bxd6+
Kxd6 34. Be8 h4 35. Bxg6 Be5 36. h3 Kd5 37. Ke2 Kd4 1/2-1/2

[Event "Pro Am 2009"]
[Site "Villa Martelli"]
[Date "2009.10.19"]
[Round "4.5"]
[White "Della Morte, German"]
[Black "Restuccia, Francisco"]
[Result "1-0"]
[WhiteElo "2341"]
[BlackElo "2156"]
[PlyCount "89"]
[EventDate "2009.10.15"]

1. e4 Nf6 2. e5 Nd5 3. d4 d6 4. Nf3 Nb6 5. Be2 g6 6. O-O Bg7 7. exd6 cxd6 8. a4
O-O 9. a5 Nd5 10. c3 e5 11. Bg5 Qd7 12. Qb3 Nf4 13. Bxf4 exf4 14. Bc4 Nc6 15.
Nbd2 Qf5 16. Bd5 Ne7 17. Bxb7 Rb8 18. Bxc8 Rfxc8 19. Qa3 g5 20. Qxd6 Ng6 21.
Rfd1 g4 22. Ne1 Bf8 23. Qa6 g3 24. Qd3 gxf2+ 25. Kxf2 Qh5 26. Nef3 Re8 27. Ne4
Be7 28. b4 f5 29. Ned2 Bh4+ 30. Nxh4 Qxh4+ 31. Kg1 Re3 32. Qc4+ Kh8 33. Nf3 Qg4
34. Rf1 Rg8 35. Ra2 Nh4 36. Nxh4 Qxh4 37. d5 Re4 38. Qd3 Rg3 39. Qb5 Rge3 40.
d6 Re1 41. d7 f3 42. Qb8+ Kg7 43. Qg3+ Qxg3 44. hxg3 fxg2 45. Rxg2 1-0

[Event "Pro Am 2009"]
[Site "Villa Martelli"]
[Date "2009.10.19"]
[Round "4.6"]
[White "Lopez Rebert, Pablo"]
[Black "Barrionuevo, Pablo"]
[Result "0-1"]
[WhiteElo "2099"]
[BlackElo "2327"]
[PlyCount "184"]
[EventDate "2009.10.15"]

1. e4 d6 2. d4 Nf6 3. Nc3 g6 4. f4 Bg7 5. Nf3 O-O 6. Be2 c5 7. dxc5 Qa5 8. O-O
Qxc5+ 9. Kh1 Nc6 10. Qd3 Bg4 11. Be3 Qa5 12. a3 a6 13. b4 Qd8 14. Rab1 Nd7 15.
h3 Be6 16. Ng5 Rc8 17. Nxe6 fxe6 18. e5 dxe5 19. Bg4 Nd4 20. Bxd4 exd4 21.
Bxe6+ Kh8 22. Ne4 Rc6 23. Bb3 h6 24. Rbd1 Qc7 25. c3 Rxf4 26. cxd4 Rxf1+ 27.
Qxf1 Nf6 28. Qf3 Rc1 29. Nxf6 Bxf6 30. Qe3 Rxd1+ 31. Bxd1 Kg7 32. Bb3 h5 33.
Qe4 Qd6 34. d5 Qg3 35. Bc2 Be5 36. Kg1 Qg5 37. Kf1 Qc1+ 38. Ke2 Qg5 39. d6 Bxd6
40. Qxb7 a5 41. Qe4 axb4 42. axb4 Kf6 43. Bd3 Kg7 44. b5 Bc5 45. Bc2 Bb6 46.
Kd1 Ba5 47. Qe2 Qd5+ 48. Bd3 Qb3+ 49. Bc2 Qa3 50. Qe5+ Kf7 51. Qd5+ Kg7 52.
Qe5+ Kf7 53. Qd5+ Kf6 54. Bb3 Qa1+ 55. Kc2 Qc3+ 56. Kb1 Qe1+ 57. Kc2 e6 58.
Qf3+ Kg7 59. Qd3 e5 60. Bd5 Qf2+ 61. Kb3 Qc5 62. Qc4 Qe3+ 63. Ka4 Qe1 64. Qe4
Qa1+ 65. Kb3 Bb6 66. Be6 Bd4 67. Qc2 Qa5 68. Bd7 e4 69. Qc4 Qd2 70. Qc2 Qe3+
71. Kc4 Bf6 72. Bc6 Qd4+ 73. Kb3 e3 74. Bf3 Kh6 75. Be2 Be7 76. Qc4 Qd6 77. Kc2
Qd2+ 78. Kb3 Qd6 79. Kc2 Bf6 80. Qd3 Qe5 81. Qc4 Qe7 82. Kd3 Bg5 83. Kc2 Qe5
84. h4 Qf5+ 85. Kc3 Bf6+ 86. Kb4 Qf2 87. b6 Bxh4 88. b7 Bg3 89. Qb5 Bd6+ 90.
Ka5 Bc7+ 91. Ka6 Qxg2 92. Qc5 Qxe2+ 0-1

[Event "Pro Am 2009"]
[Site "Villa Martelli"]
[Date "2009.10.19"]
[Round "4.7"]
[White "Malbran, Guillermo"]
[Black "De Cesare, Ricardo"]
[Result "1-0"]
[WhiteElo "2195"]
[BlackElo "2073"]
[PlyCount "69"]
[EventDate "2009.10.15"]

1. e4 e5 2. Nf3 Nc6 3. Bb5 a6 4. Bxc6 dxc6 5. O-O Bg4 6. h3 h5 7. d3 Qf6 8. Be3
Ne7 9. Nbd2 Ng6 10. Re1 Bd6 11. hxg4 hxg4 12. Ng5 Nf4 13. Qxg4 Qh6 14. Nh3 g5
15. Bxf4 gxf4 16. Kf1 f6 17. Ke2 Ke7 18. Qf3 Rag8 19. Rh1 b5 20. Rag1 Bc5 21.
g3 fxg3 22. Rxg3 Rxg3 23. fxg3 Qg7 24. Nf2 Rxh1 25. Nxh1 Qh6 26. Nf2 Qh2 27.
Nf1 Qh6 28. Ng4 Qg5 29. Nfe3 Kf7 30. Qf5 Bxe3 31. Nxe5+ Kg8 32. Qc8+ Kh7 33.
Qd7+ Qg7 34. Qxg7+ Kxg7 35. Kxe3 1-0

[Event "Pro Am 2009"]
[Site "Villa Martelli"]
[Date "2009.10.19"]
[Round "4.8"]
[White "Radoszta, Armando E"]
[Black "Anelli, Antonio"]
[Result "1/2-1/2"]
[WhiteElo "2075"]
[BlackElo "2176"]
[PlyCount "90"]
[EventDate "2009.10.15"]

1. e4 c5 2. Nf3 Nc6 3. d4 cxd4 4. Nxd4 Nf6 5. Nc3 d6 6. Bc4 Qb6 7. Nb3 e6 8.
O-O Be7 9. Be3 Qc7 10. f4 a6 11. a4 b6 12. Qf3 Bb7 13. Qg3 g6 14. Bd3 Nb4 15.
a5 b5 16. Bb6 Qc8 17. Rae1 d5 18. Kh1 dxe4 19. Nxe4 O-O 20. Nbc5 Bd5 21. f5
Nxd3 22. cxd3 Bxc5 23. Nxc5 exf5 24. Re7 Nh5 25. Qd6 Qc6 26. Qxc6 Bxc6 27. Kg1
Nf6 28. Rc7 Bd5 29. Re1 Rfe8 30. Ree7 Rxe7 31. Rxe7 Bc6 32. Rc7 Bd5 33. Kf1 f4
34. Ra7 Rc8 35. Nxa6 Ng4 36. Nc7 Rd8 37. Nxb5 Rc8 38. Rc7 Re8 39. h3 Ne5 40.
Nd6 Re6 41. Bd4 f6 42. Bxe5 Rxe5 43. b4 Re3 44. Rc3 f3 45. gxf3 Rxf3+ 1/2-1/2

[Event "Pro Am 2009"]
[Site "Villa Martelli"]
[Date "2009.10.19"]
[Round "4.9"]
[White "Bulcourf, Carlos"]
[Black "Pradines, Emmanuel"]
[Result "1-0"]
[WhiteElo "2160"]
[BlackElo "1970"]
[PlyCount "113"]
[EventDate "2009.10.15"]

1. b4 e5 2. Bb2 Bxb4 3. Bxe5 Nf6 4. Nf3 O-O 5. e3 Re8 6. c3 Bf8 7. d4 d5 8. Bd3
Nc6 9. Bg3 Ne7 10. Nbd2 Bf5 11. Bxf5 Nxf5 12. Qb1 Qc8 13. O-O Nxg3 14. hxg3 Bd6
15. c4 c6 16. a4 Ne4 17. cxd5 Nxd2 18. Nxd2 cxd5 19. Nf3 Re7 20. Rc1 Qe6 21.
Ng5 Qg6 22. Qxg6 hxg6 23. Rc3 f6 24. Nf3 g5 25. Rb1 Kf7 26. Ne1 Rd8 27. Nd3
Rdd7 28. Rb5 Ke6 29. f4 gxf4 30. gxf4 Rc7 31. Rcb3 g6 32. Kf2 Rh7 33. Kf3 Rhg7
34. g4 Rh7 35. Nf2 Bf8 36. f5+ gxf5 37. gxf5+ Kxf5 38. Rxd5+ Ke6 39. Rd8 Be7
40. d5+ Ke5 41. Nd3+ Kf5 42. e4+ Kg6 43. Nf4+ Kf7 44. d6 Bxd8 45. dxc7 Bxc7 46.
Rxb7 Ke8 47. Rxa7 Kd8 48. Ne6+ Kc8 49. Rxc7+ Rxc7 50. Nxc7 Kxc7 51. Kf4 Kb6 52.
Kf5 Ka5 53. Kxf6 Kxa4 54. e5 Kb5 55. e6 Kc6 56. e7 Kd7 57. Kf7 1-0

[Event "Pro Am 2009"]
[Site "Villa Martelli"]
[Date "2009.10.19"]
[Round "4.10"]
[White "Quinzio, Martin"]
[Black "Miserendino, Alfredo"]
[Result "1/2-1/2"]
[WhiteElo "1972"]
[BlackElo "2155"]
[PlyCount "73"]
[EventDate "2009.10.15"]

1. d4 Nf6 2. Nf3 c5 3. c3 Qb6 4. Qb3 Qxb3 5. axb3 b6 6. Bf4 Nc6 7. e3 Bb7 8. h3
e6 9. Nbd2 d6 10. Bb5 Nd5 11. Bh2 Nc7 12. Bd3 Be7 13. Nc4 Rd8 14. dxc5 dxc5 15.
Bxc7 Rxd3 16. Nce5 Nxe5 17. Nxe5 Rd7 18. Nxd7 Kxd7 19. Bg3 a5 20. Rd1+ Kc6 21.
O-O h5 22. f3 Rh6 23. Bf4 g5 24. Bg3 f5 25. Rd2 Bc8 26. Be5 Rg6 27. g4 h4 28.
Rfd1 Rg8 29. Kf2 Re8 30. Kg2 Rg8 31. Kh2 Re8 32. f4 Kb5 33. Rg1 Bb7 34. gxf5
exf5 35. fxg5 Bxg5 36. Rxg5 Rxe5 37. Rh5 1/2-1/2

[Event "Pro Am 2009 Villa Martelli"]
[Site "?"]
[Date "2009.10.20"]
[Round "5.4"]
[White "Barrionuevo, Pablo"]
[Black "Perez, Mario Abel"]
[Result "1-0"]
[WhiteElo "2327"]
[BlackElo "2107"]
[PlyCount "73"]
[EventDate "2009.10.22"]
[SourceDate "2009.10.22"]

1. d4 Nf6 2. c4 g6 3. Nc3 Bg7 4. e4 d6 5. Be2 Nc6 6. d5 Nb8 7. Be3 c6 8. f3 Qa5
9. Qd2 h5 10. h4 Nbd7 11. Nh3 Nc5 12. Rb1 Bxh3 13. Rxh3 Qc7 14. e5 Ng8 15. b4
Nd7 16. exd6 exd6 17. dxc6 bxc6 18. Ne4 Bf8 19. Rd1 a5 20. Qd4 Rh7 21. b5 Nh6
22. g4 f5 23. Bxh6 fxe4 24. Bxf8 Nxf8 25. Qxe4+ Re7 26. Qxc6+ Qxc6 27. bxc6 Re6
28. gxh5 gxh5 29. Kf2 Ng6 30. Rd4 Rc8 31. f4 Rxc6 32. Bxh5 Rc5 33. Re3 Rxh5 34.
Rxe6+ Kf7 35. Rdxd6 Nxf4 36. Rf6+ Ke7 37. Kg3 1-0

[Event "Pro Am 2009 Villa Martelli"]
[Site "?"]
[Date "2009.10.22"]
[Round "5.5"]
[White "Bulcourf, Carlos"]
[Black "Della Morte, German"]
[Result "1-0"]
[WhiteElo "2160"]
[BlackElo "2341"]
[PlyCount "149"]
[EventDate "2009.10.22"]
[SourceDate "2009.10.22"]

1. b4 e5 2. Bb2 d6 3. e3 Nf6 4. c4 g6 5. Nf3 Bg7 6. Be2 O-O 7. O-O Nbd7 8. d4
e4 9. Nfd2 Re8 10. Nc3 Nf8 11. Qc2 Bf5 12. d5 h5 13. c5 dxc5 14. bxc5 Nxd5 15.
Nxd5 Qxd5 16. Bxg7 Kxg7 17. Nb3 Qe5 18. Rfc1 Ne6 19. h4 Qf6 20. Qc3 Red8 21.
Bf1 b6 22. Kh2 Bg4 23. Kg3 g5 24. hxg5 Nxg5 25. Qxf6+ Kxf6 26. Nd4 Ne6 27. Nb3
Rg8 28. Kh2 Rg5 29. Rc4 Rf5 30. Kg1 Re5 31. cxb6 axb6 32. a4 Bf5 33. Nd4 Nxd4
34. exd4 Re7 35. Rc6+ Kg5 36. d5 Rd8 37. Bc4 Kf4 38. Rc1 Rd6 39. Rxd6 cxd6 40.
Be2 Ke5 41. Rb1 Ra7 42. Bxh5 f6 43. Be8 Kxd5 44. Rxb6 Be6 45. Bb5 Ke5 46. f4+
Kd5 47. Kf2 Rc7 48. Be2 Kc5 49. Rb1 Ra7 50. Rc1+ Kb4 51. Rd1 d5 52. f5 Bg8 53.
Ke3 Rg7 54. g4 Kxa4 55. Rb1 Rc7 56. Rb8 Bf7 57. Rb6 Be8 58. Rxf6 Kb4 59. Rd6
Kc5 60. Rd8 Re7 61. f6 Re6 62. g5 Bg6 63. Bg4 Ra6 64. Rc8+ Kd6 65. Rg8 Bf7 66.
Rg7 Ke5 67. Rxf7 d4+ 68. Kf2 Kf4 69. g6 Kxg4 70. g7 Ra2+ 71. Ke1 Kf3 72. g8=Q
e3 73. Ra7 Rxa7 74. Qd5+ Kg3 75. Qxd4 1-0

[Event "Pro Am 2009 Villa Martelli"]
[Site "?"]
[Date "2009.10.20"]
[Round "5.6"]
[White "Godoy, Carlos"]
[Black "Malbran, Guillermo"]
[Result "1/2-1/2"]
[WhiteElo "2131"]
[BlackElo "2195"]
[PlyCount "30"]
[EventDate "2009.10.22"]
[SourceDate "2009.10.22"]

1. e4 Nf6 2. e5 Nd5 3. d4 d6 4. Nf3 Bg4 5. Be2 c6 6. Ng5 Bf5 7. e6 fxe6 8. Bh5+
g6 9. g4 Bxc2 10. Qxc2 gxh5 11. Nxe6 Qc8 12. Qf5 Nc7 13. Qxh5+ Kd7 14. Nf4 Qe8
15. Nc3 Qxh5 1/2-1/2

[Event "Pro Am 2009 Villa Martelli"]
[Site "?"]
[Date "2009.10.20"]
[Round "5.7"]
[White "Anelli, Antonio"]
[Black "Godoy, Luciano"]
[Result "1/2-1/2"]
[WhiteElo "2176"]
[BlackElo "2101"]
[PlyCount "26"]
[EventDate "2009.10.22"]
[SourceDate "2009.10.22"]

1. e4 e6 2. d4 d5 3. e5 c5 4. c3 Nc6 5. Nf3 Bd7 6. a3 c4 7. Bf4 Qb6 8. Qc1 f6
9. exf6 gxf6 10. g3 e5 11. Be3 O-O-O 12. Bg2 e4 13. Nh4 Nge7 1/2-1/2

[Event "Pro Am 2009 Villa Martelli"]
[Site "?"]
[Date "2009.10.20"]
[Round "5.8"]
[White "Rasgido, Alejandro"]
[Black "Juarez, Carlos Eleodoro"]
[Result "0-1"]
[WhiteElo "2002"]
[BlackElo "2123"]
[PlyCount "61"]
[EventDate "2009.10.22"]
[SourceDate "2009.10.22"]

1. d4 d5 2. Bg5 c6 3. e3 Qb6 4. Qc1 Bf5 5. Nf3 e6 6. a3 Nd7 7. c4 Qc7 8. Nc3
Ngf6 9. b4 a6 10. c5 Be7 11. Be2 e5 12. Nxe5 Nxe5 13. Bf4 Nfd7 14. dxe5 Nxe5
15. Qd2 Bg6 16. Bg3 f5 17. O-O Bf7 18. a4 O-O 19. Bd3 g6 20. Ne2 Bf6 21. Nd4
Rfc8 22. Rfc1 Qe7 23. b5 axb5 24. axb5 Rxa1 25. Rxa1 Nxd3 26. Qxd3 Qxc5 27.
bxc6 bxc6 28. Qd2 Qb6 29. Qd1 c5 30. Rb1 Qd8 31. Nb5 0-1